タイトルがカタカナのVOCALOID伝説入り楽曲 - Statistics

General Stats
  • This quiz has been taken 105 times
  • The average score is 75 of 278
Answer Stats
Answer % Correct
メルト
78%
ヒバナ
75%
ゴーストルール
73%
ヴァンパイア
67%
メズマライザー
65%
ローリンガール
63%
カゲロウデイズ
63%
ドーナツホール
59%
ロキ
59%
マトリョシカ
57%
パンダヒーロー
57%
ダーリン
57%
ベノム
57%
ワールドイズマイン
56%
サマータイムレコード
56%
シャルル
56%
ダーリンダンス
56%
フォニイ
56%
ラビットホール
56%
ロウワー
54%
チルドレンレコード
52%
エゴロック
52%
ラグトレイン
52%
バグ
52%
テオ
51%
テレキャスタービーボーイ
51%
アニマル
51%
オーバーライド
51%
モザイクロール
49%
エイリアンエイリアン
49%
ヴィラン
49%
トンデモワンダーズ
49%
イガク
49%
テトリス
49%
アンハッピーリフレイン
48%
ラヴィ
48%
ハッピーシンセサイザ
46%
フラジール
46%
ルマ
46%
アイデンティティ
46%
シンデレラ
46%
ロストアンブレラ
46%
フィクサー
44%
モニタリング
44%
テレパシ
44%
ダンスロボットダンス
43%
アンドロイドガール
43%
エンヴィーベイビー
41%
サラマンダー
41%
アルカリレットウセイ
40%
ロケットサイダー
40%
ドラマツルギー
40%
ビターチョコデコレーション
40%
メランコリック
38%
セツナトリップ
38%
アイロニ
38%
ヒビカセ
38%
メリュー
38%
ブリキノダンス
38%
ラストリゾート
38%
ジェヘナ
38%
インビジブル
37%
ロスタイムメモリー
37%
ボッカデラベリタ
37%
パメラ
37%
ラヴィット
37%
パラジクロロベンゼン
35%
トリノコシティ
35%
ジャンキーナイトタウンオーケストラ
35%
アンドロメダアンドロメダ
33%
メーベル
33%
アウトサイダー
33%
アンヘル
33%
メルティランドナイトメア
33%
シネマ
33%
キャットラビング
33%
パラサイト
33%
エリート
33%
カンタレラ
32%
アンチクロロベンゼン
32%
リモコン
32%
オレンジ
32%
アイラ
32%
コインロッカーベイビー
32%
プロトディスコ
32%
エバ
32%
ジレンマ
32%
シリョクケンサ
30%
オツキミリサイタル
30%
ツギハギスタッカート
30%
レディーレ
30%
ニア
30%
シャンティ
30%
ダブルラリアット
29%
ココロ
29%
リンネ
29%
ヘッドフォンアクター
29%
エンヴィキャットウォーク
29%
サリシノハラ
29%
スーサイドパレヱド
29%
ノマド
29%
アルティメットセンパイ
29%
ザムザ
29%
ハナタバ
29%
ダイダイダイダイダイキライ
29%
ミラクルペイント
27%
アウターサイエンス
27%
ピエロ
27%
ライアーダンス
27%
バレリーコ
27%
ホワイトハッピー
27%
メリーバッドエンド
27%
ハローディストピア
27%
コールボーイ
27%
ジャックポットサッドガール
27%
マシュマリー
27%
リレイアウター
27%
ライアーダンサー
27%
ゾンビ
27%
ステラ
27%
ハジメテノオト
25%
カミサマネジマキ
25%
アディショナルメモリー
25%
マインドブランド
25%
オートファジー
25%
カトラリー
25%
クライヤ
25%
アイディスマイル
25%
オルターエゴ
25%
スーパーヒーロー
25%
エゴイスト
25%
リアライズ
25%
サイバーサンダーサイダー
24%
ビバハピ
24%
バビロン
24%
レミングミング
24%
セイデンキニンゲン
24%
メビウス
24%
トウキョウダイバアフェイクショウ
24%
マシンガンポエムドール
24%
キメラ
24%
マフィア
24%
ヲズワルド
24%
ハングリーニコル
24%
サイハテ
22%
イカサマライフゲイム
22%
ストリーミングハート
22%
スロウダウナー
22%
ラストダンス
22%
シニカルナイトプラン
22%
パノプティコン
22%
ハイドレンジア
22%
コンビニ
21%
キリトリセン
21%
タイムマシン
21%
メカクシコード
21%
リンカーネイション
21%
ドレミファロンド
21%
ドクハク
21%
キレキャリオン
21%
スターナイトスノウ
21%
ハウトゥワープ
21%
ストロボラスト
21%
スヂ
21%
マエガミスト
21%
ヨヒラ
21%
アイロニック
21%
リコレクションエンドロウル
21%
マイナスレッテル
21%
サイコグラム
21%
ミザン
21%
ロジカ
21%
ケッペキショウ
19%
チェックメイト
19%
アダルトチルドレン
19%
トーキョーゲットー
19%
キッカイケッタイ
19%
キルマー
19%
ワンダーラスト
17%
ロストエンファウンド
17%
アンチビート
17%
ストラトステラ
17%
ハートアラモード
17%
バケモノダンスフロア
17%
ライムライト
17%
ガランド
17%
エンドロール
17%
アプリコット
17%
パジャミィ
17%
アップルドットコム
17%
バベル
17%
ナミダ
17%
ポーカーフェイス
16%
キャットフード
16%
ストロボナイツ
16%
グラーヴェ
16%
ジャガーノート
16%
ダンスダンスデカダンス
16%
ミラーリング
16%
リバースユニバース
16%
パケットヒーロー
16%
ヒトサマアレルギー
16%
ジグソーパズル
16%
インタビュア
16%
ニナ
16%
イヤガール
16%
レクイエム
16%
マジカルドクター
16%
ピチカートドロップス
16%
ニューダーリン
16%
リスキーゲーム
14%
リグレットメッセージ
14%
ロゼッタ
14%
トゥインクル
14%
マチガイサガシ
14%
メテオ
14%
チャンバラジョニー
14%
ディカディズム
14%
ディザーチューン
14%
アイムハイ
14%
ミュージックミュージック
14%
ハイファイレイヴァー
14%
パズル
14%
ジッタードール
14%
コウカツ
14%
スクラマイズ
14%
アンチジョーカー
14%
ファイヴ
14%
ノイローゼ
14%
シックシックシック
14%
デイバイデイズ
14%
スキキライ
13%
マダラカルト
13%
タイガーランペイジ
13%
テロル
13%
カーニバル
13%
ハイスペックニート
13%
バイオレンストリガー
13%
レイズ
13%
パズルガール
13%
アヤカシ
13%
シンクロナイザー
13%
ヒガン
13%
ファインダー
13%
ラプンツェル
13%
ムーンウォークフィーバー
13%
サクラノタトゥー
13%
ハイパーゴアムササビスティックディサピアリジーニャス
13%
マーメイド
13%
スイートフロートアパート
11%
マッシュルームマザー
11%
アカツキアライヴァル
11%
エイトリアム
11%
アマツキツネ
11%
ラブドール
11%
ヒアソビ
11%
ネコミミアーカイブ
11%
シティライツ
11%
イージーデンス
10%
カムパネルラ
10%
シルバーバレット
10%
マカロン
10%
ハグ
10%
アストロノーツ
10%
クローゼットルーム
10%
ケセラリズム
10%
プロポーズ
10%
ハイセンスナンセンス
8%
ジェシカ
8%
アンデッドエネミー
8%
ジェンガ
8%
アブソリュート
8%
マリオネットシンドローム
8%
サイノウサンプラー
8%
サヨナラチェーンソー
6%
ユクエシレズ
6%
シザーハンズ
5%
トエト
3%
No matching quizzes found
Score Distribution
Percent of People with Each Score
Percentile by Number Answered
Your Score History
You have not taken this quiz